00000000nam##2200000za#4500
0019.528000
003CaOODSP
00520200331225114
007ta
008150406|1997||||xxc|||||     f|0| 0 eng|d
020 |a0-660-60083-8
040 |aCaOODSP|beng
041 |aeng
041 |afre
043 |an-cn---
0861 |aBT31-2/1998-III-28
1101 |aCanada. |bTreasury Board.
24510|aCanada Labour Relations Board
260 |aOttawa - Ontario : |bTreasury Board of Canada Secretariat |c1997.
300 |aEnglish text, 32p. : |bfigs., graphs, tables ; |c28 cm.
4901 |a1997-98 estimates, part III: Expenditure plan
546 |aBilingual
563 |aSoftcover
590 |a97-08|b1997-02-21
7760#|tConseil canadien des relations du travail, budget des dépenses 1997-1998, partie III, plan de dépenses |w(CaOODSP)9.598935
792 |tConseil canadien des relations du travail |efre|w(CaOODSP)9.528001
830#0|a1997-98 estimates, part III: Expenditure plan.|w(CaOODSP)9.508958